00963 2200325 4500001002100000005001500021035002000036007000300056008004100059020002200100040002100122082001500143084001500158090001900173090002200192245009100214250002600305300003700331650001000368850001200378110002900390504003100419710003200450264003700482336002100519337003000540338002300570999002200593990002200615INLIS00000000085587820200702103617 a0010-0720000091ta200702b2018 xx  a978-602-50793-1-3 aYOPDOGbinderda04223a634.65 a634.65 BER aDEP 634.65 BER aCB-D.11 2018-370110aBertanam buah matoa dalam pot /cpenulis, Tim Damar Media; penyunting, Tim Damar Media aCetakan pertama, 2018 a82 halaman :bilustrasi ;c20 cm 4aMatoa aYOPDYOG2 aTim Damar Mediaepenulis aBibliografi: halaman 78-792 aTim Damar Mediaepenyunting31aYogyakarta :bDamar Media,c2018 2rdacontentateks 2rdamediaatanpa perantara 2rdacarrieravolume aCB-D.11/2018-3701 aCB-D.11/2018-3701